| 000 | 00463cam5a220016900 4500 | ||
|---|---|---|---|
| 001 | tmp15936375 | ||
| 003 | UPRA | ||
| 005 | 20190813160932.0 | ||
| 008 | 951114s1991 xx eng u | ||
| 035 | _a(Sirsi) r50287 | ||
| 035 | _a(UPRA)tmp15936375 | ||
| 040 | _cUPRA | ||
| 245 | 0 | 0 |
_aSurgery at the district hospital : _bobstetrics, gynaecology, ortheopaedics and traumatology. |
| 260 | _c1991. | ||
| 949 |
_aRD32 _wLC _mMEDICAL _tBOOK _lON-SHELF |
||
| 004 | 50287 | ||
| 999 |
_c38187 _d38187 |
||